| 000 | 00697nam a2200205 a 4500 | ||
|---|---|---|---|
| 005 | 20220812064005.0 | ||
| 008 | 050829s2003 000 eng d | ||
| 020 | _a9501630994 | ||
| 035 | _aUPN01000141412 | ||
| 049 | _aCG | ||
| 050 | 4 |
_aLB1027 _bB8.3 |
|
| 100 | 1 | _aBurguess, Ron | |
| 245 | 1 | 0 |
_aEscuelas que ríen : _b149 3/4 propuestas para incluir el humor en las clases / _cRon Burguess ; tr. Rosa Benzaquén. |
| 260 |
_aBuenos Aires : _bTroquel, _cc2003. |
||
| 300 |
_a140 p. : _bil. |
||
| 534 |
_pTítulo original : _tLaughing lessons, 149 2/3 ways to make teaching and learing fun |
||
| 650 | 4 |
_aHUMOR EN LA EDUCACION _96403 |
|
| 650 | 4 |
_aInnovaciones educativas _9386 |
|
| 905 | _aLibro | ||
| 999 |
_c113559 _d113559 |
||